000 00900nam a2200301Ia 4500
003 OSt
005 20220912150800.0
006 a|||||r|||| 00| 0
007 ta
008 220909b |||||||| |||| 00| 0 eng d
024 _a38416
037 _cTextual
040 _aCSL
_beng
_cCSL
041 _aeng
082 _aC21, M4
100 _aGoldman Allen M Ed.
111 _aProceeding of the Nato advanced study institute (1983 : Savoie)
245 0 _aPercolation localization and superconductivity
260 _aNew York
_b Plenum Press
_c1984
300 _axii, 464p.
_ccm.
490 _aNATO ASI series, series B , physics vol.; 109
500 _aIncludes bibliography
650 _a Solid state physics
650 _aPhysics
700 _a Wolf Stuart A Ed.
942 _hC21, M4
_cTEXL
_2CC
999 _c54815
_d54815